000 00718nam a2200253Ia 4500
003 OSt
005 20221006161009.0
006 a|||||r|||| 00| 0
007 ta
008 221006b |||||||| |||| 00| 0 eng d
020 _a9780415744324
_cRs. 3,984.00
024 _a47,067
037 _cTextual
040 _aEASL
_cEASL
_beng
041 _2eng
_aeng
082 _aX8(F551):9F.42, Q4
100 _aBURTON W.Donald
_9675655
245 0 _aCoal-mining women in Japan.
260 _aLondon
_bRoutledge Taylor& Francis Group
_c2014
300 _a255p.
_ccm.
490 _v JEL
_aAsia' transformations
942 _hX8(F551):9F.42, Q4
_cTEXL
_2CC
999 _c1115156
_d1115156